Регионална библиотека "Любен Каравелов" - Русе

Френски приказки (Запис номер 148567)

MARC детайли
000 -Лидер
Контролно поле с фиксирана дължина 01338nam a2200361 c 4500
003 - Код на организацията, давaща контролен номер
Контролно поле BLK
005 - Дата и час на последна редакция
Контролно поле 20231218132547.0
008 - Елементи от данни с фиксирана дължина
fixed length control field 180410b bul|||||r ||||||| ||bul||
010 ## - Наследен системен номер
LC control number KNG00154791000
040 ## - Източник на каталожния запис
Идентификатор на билиотеката - собственик на записа BLK
041 ## - Код за език
Код за езика на текст/звукозапис или на отделно заглавие Български
Код за езика КДБФ Български
080 ## - УДК
Текстов определител УДК Френска литература
УДК код - определител по УДК 821.133.1
УДК определител -93-34
УДК - код + определител 821.133.1-93-34
139 ## - Редно поле
Редна дума Френски приказки
Авторски знак Фре - Ф 82
245 10 - Сведения за заглавието
Заглавие Френски приказки
Редно поле (дума) прев. от фр. Надя Трендафилова; ил. Сантен.
250 ## - Област на изданието
Сведения за изданието 4. изд.
257 ## - Страна на издаване
Страна на създаване/издаване Франция
260 ## - Област на издателските данни
Име на издателя, разпространителя и проч. Младеж
Година на издаване 1992
Печатница София : ДФ Балкан прес
300 ## - Физическа характеристика
Страници 76 с.
Илюстрации и др. с цв. ил.
Размери/Мащаб 34 см
380 ## - Жанр
Жанр Детска худож. лит.
500 ## - Общи забележки
Забележка Ориг. загл. Les plus beaux contes francais. - 1. изд. 1974.
653 ## - Ключова дума – ненормативна
Ключова дума детска литература
653 ## - Ключова дума – ненормативна
Ключова дума приказки
700 1# - Други автори (авторска отговорност)
Лично име Трендафилова, Надя
Автороска отговорност (Описва отношението между автора и произведението) прев. от фр.
9 (RLIN) 364008
700 1# - Други автори (авторска отговорност)
Лично име Сантен, Федерико
Автороска отговорност (Описва отношението между автора и произведението) ил.
9 (RLIN) 118827
852 ## - Местоположение
Форматна сигнатура Цб ІІ 5614
856 4# - Електронен адрес и достъп
Електронен формат pdf - файл
856 4# - Електронен адрес и достъп
Електронен формат pdf - файл
999 ## - СИСТЕМНИ КОНТРОЛНИ НОМЕРА
Koha biblionumber 148567
Koha biblioitemnumber 148567
942 ## - АРТИКУЛИ
Вид на библиотечния материал Книги
Скрит в OPAC Не
Периодичен библиозапис Да
944 ## - СЪЗДАВАНЕ И РЕДАКЦИЯ на ЗАПИСА
Създаване/Редакция Създаване
Дата на регистрацията/редакция 17.12.2013
Статус, дата на статуса Геновева Генчева
Служител, извършил регистрацията/редакцията 30560
944 ## - СЪЗДАВАНЕ И РЕДАКЦИЯ на ЗАПИСА
Създаване/Редакция Редакция
Дата на регистрацията/редакция 28.09.2017
Статус, дата на статуса 17.12.2013 - от С1,Р / 17.12.2013
Служител, извършил регистрацията/редакцията Кети_Илиева
999 ## - СИСТЕМНИ КОНТРОЛНИ НОМЕРА
Koha biblioitemnumber 148567
999 ## - СИСТЕМНИ КОНТРОЛНИ НОМЕРА
Koha biblioitemnumber 148567
Наличности
Код за отписване Код за изгубен артикул Източник на класификационната схема Код за повреда Коз за рестрикции Код за отдаване Артикулен № Име на библиотеката - собственик Име на библиотеката, в която се намира в момента Статус (Текущо местоположение) Дата на вписване в системата Местоположение - отдел Цена в лева Инвентарен номер Систематично азбучна сигнатура Баркод Номер на екземпляра Цена в евро Служебна бележка Служебен тип на артикула Бележка за публиката
  Не е изгубен Universal Decimal Classification Не е повреден без рестрикции ползва се в читалня 247327 Регионална библиотека "Любен Каравелов" Русе Регионална библиотека "Любен Каравелов" Русе Хранилище 1992-01-01 Хранилище 12.50 565334 Цб ІІ 5614 120000565334 1 6.39 N: стар фонд Дата: 01.01.1992 Книги  
Изтеглен Не е изгубен Universal Decimal Classification Не е повреден без рестрикции заемане за дома 247328 Регионална библиотека "Любен Каравелов" Русе Регионална библиотека "Любен Каравелов" Русе Детски отдел 1992-01-01 Детски отдел 0.88 565336 ДХ 820/899/Ф 82 565336 2 0.45 N: стар фонд Дата: 01.01.1992 Дата инв: 14.08.2015 Бележки инв: Д2015 Книги  
Изтеглен Не е изгубен   Не е повреден без рестрикции заемане за дома 247329 Регионална библиотека "Любен Каравелов" Русе Регионална библиотека "Любен Каравелов" Русе   1992-01-01 Детски отдел 0.88 565340 ДХ 820/899/Ф 82 565340 3 0.45 N: стар фонд Дата: 01.01.1992 Дата инв: 17.09.2015 Бележки инв: Д2015 Книги Отч.N: 41/2017 , Дата: 08.09.2017
Изтеглен Не е изгубен Universal Decimal Classification Не е повреден без рестрикции заемане за дома 731327 Регионална библиотека "Любен Каравелов" Русе Регионална библиотека "Любен Каравелов" Русе Детски отдел 2019-07-31 Детски отдел 1.25   ДХ 820/899/ Ф82 120000835365   0.64   Книги  
  Не е изгубен Universal Decimal Classification Не е повреден само за читалня ползва се в читалня 807453 Регионална библиотека "Любен Каравелов" Русе Регионална библиотека "Любен Каравелов" Русе Хранилище 2021-01-16 Основен фонд - ползва се само за читалня 12.50 565335 Цб II 5614 120000565335   6.39   Книги  
Vip Innovations Ltd, Rousse, Bulgaria 2025